00847nam a2200181Ia 4500952010200000952010200102999001700204008004100221050001500262100002500277245004100302260002200343300000800365505020300373519005400576651002300630942001200653 00104070a03b03d2001-05-15l1oHC121 G2p03 003929r2013-08-07s2013-08-06t1w2012-07-20yLB 00104070a03b03d2001-05-15l1oHC121 G2p03 003930r2013-08-07s2013-08-06t1w2012-07-20yLB c80446d80446120720s9999 mx a 000 0 spa d aHC121 bG2 aGayner, Harryeautor aEl México modernoc / Harry Gayner aMéxicob : GHC a2 V aPemex, Contratistas y proveedores American chamber Empresas altamente exportadoras Asociación mexicana de bancos Instituciones y empresas de servicio Sección comercial, turística y cultural  aMaterial Complementario /d(03 003929, 03 003930) aMÉXICOxCOMERCIO 2lcccLB